Statistics for All Straights And Corners At Monza

Click here to take the quiz!

General Stats

  • This quiz has been taken 18 times
  • The average score is 3 of 8

Answer Stats

HintAnswer% Correct
CornerVariante Ascari
73%
Parabolica CornerCurva Parabolica
53%
ChicaneVariante Della Roggia
53%
StraightCurva Del Serraglio
27%
CornerCurva Di Lesmo
27%
High Speed CornerCurva Biassono
20%
ChicaneVariante Del Rettifilo
20%
StraightRettifilo Tribune
13%

Score Distribution

Percentile by Number Answered

Percent of People with Each Score

Your Score History

You have not taken this quiz